000 005800000a22001810004500
003 MACL
005 20160417140658.0
008 160417b xxu||||| |||| 00| 0 eng d
040 _aMACL
_cMACL
041 _aHindi
082 _a500
100 _aसपरा चारू
_952657
245 _aमानव शरीर रचना तथा क्रिया विज्ञान
260 _bलक्ष्‍य पब्लिकेशन्‍स
_c2004
_aनई दिल्‍ली
350 _a250
650 _aLife Science
_952658
942 _cHIN
_k500
_2ddc
999 _c12492
_d12492